000 00846nam a2200265Ia 4500
003 OSt
005 20220924124216.0
006 a|||||r|||| 00| 0
007 ta
008 220923b |||||||| |||| 00| 0 urd d
020 _a9789351600596 (pbk)
020 _c235
024 _a285394
037 _b43536, 13/03/2015, Segment Book Distributors
_cTextual
040 _aARTS
_cARTS
_burd
041 _2urd
_aurd
082 _aV49M, 168Q4
100 _aAnsari Hamid
_924833
245 0 _aSafar-e-ashob
_b Maghrabi asia ki siyasat par mazameen
260 _aNew Delhi
_b National Council for Promotion of Urdu Language India
_c2014
300 _a554p.
_ccm.
650 _aASIA - HISTORY
_936569
942 _hV49M, 168Q4
_cTEXL
_2CC
999 _c418817
_d418817